| 000 | 00000nam 2200000zi 4500 |
| 001 | 9.916810 |
| 003 | CaOODSP |
| 005 | 20230718120752 |
| 006 | m o d f |
| 007 | cr cn||||||||| |
| 008 | 221101t20232023onc ob f000 0 fre d |
| 020 | |a9780660460758 |
| 040 | |aCaOODSP|bfre|erda|cCaOODSP |
| 043 | |an-cn-bc |
| 086 | 1 |aEn3-5/24-1-2023F-PDF |
| 245 | 00|aRapport sur les progrès de la mise en œuvre du plan de gestion du complexe des sébastes à œil épineux et à taches noires (Sebastes aleutianuset S. melanostictus) ainsi que du sébastolobe à longues épines (Sebastolobus altivelis) au Canada pour la période de 2012 à 2020. |
| 264 | 1|aOttawa : |bPêches et Océans Canada, |c2023. |
| 264 | 4|c©2023 |
| 300 | |a1 ressource en ligne (23 pages). |
| 336 | |atexte|btxt|2rdacontent/fre |
| 337 | |ainformatique|bc|2rdamedia/fre |
| 338 | |aressource en ligne|bcr|2rdacarrier/fre |
| 490 | 1 |aLoi sur les espèces en peril, série de plans de gestion |
| 500 | |aPublié aussi en anglais sous le titre : Report on the progress of management plan implementation for the rougheye/blackspotted rockfish complex (Sebastes aleutianus and S. melanostictus) and longspine thornyhead (Sebastolobus altivelis) in Canada for the period 2012 to 2020. |
| 504 | |aComprend des références bibliographiques (pages 22-23). |
| 650 | 6|aSébastes|xConservation|zColombie-Britannique|zPacifique, Côte du. |
| 650 | 6|aSébastolobe à longues épines|xConservation|zColombie-Britannique|zPacifique, Côte du. |
| 650 | 6|aFaune|xAménagement|zColombie-Britannique|zPacifique, Côte du. |
| 710 | 1 |aCanada. |bMinistère des pêches et des océans, |eorganisme de publication. |
| 775 | 08|tReport on the progress of management plan implementation for the rougheye/blackspotted rockfish complex (Sebastes aleutianus and S. melanostictus) and longspine thornyhead (Sebastolobus altivelis) in Canada for the period 2012 to 2020. |w(CaOODSP)9.916809 |
| 795 | |tPlan de gestion du complexe des sébastes à oeil épineux et à taches noires (Sebastes aleutianus et S. melanostictus) ainsi que du sébastolobe à longues épines (Sebastolobus altivelis) au Canada |w(CaOODSP)9.601896 |
| 830 | #0|aLoi sur les espèces en péril, série de plans de gestion.|w(CaOODSP)9.501525 |
| 856 | 40|qPDF|s487 Ko|uhttps://publications.gc.ca/collections/collection_2023/mpo-dfo/En3-5-24-1-2023-fra.pdf |
| 856 | 4 |qHTML|sS.O.|uhttps://www.canada.ca/fr/environnement-changement-climatique/services/registre-public-especes-peril/rapports-progres-document-retablissement/sebastes-oeil-epineux-taches-noires.html |